K odbornému vzdelávaniu najmä z daňového aspektu

Práva úprava odborného vzdelávania. Zmeny v zákone o dani z príjmov.

Guardado en:
Detalles Bibliográficos
Autor principal: Jarinkovičová, Valéria
Formato: Capítulo de libro
Lenguaje:eslovaco
Materias:
Etiquetas: Agregar Etiqueta
Sin Etiquetas, Sea el primero en etiquetar este registro!

MARC

LEADER 00000naa a2200000 4500
001 0201833
005 20231207113034.6
041 0 |a slo 
044 |a SK 
245 1 0 |a K odbornému vzdelávaniu najmä z daňového aspektu  |c Valéria Jarinkovičová 
520 |a Práva úprava odborného vzdelávania. Zmeny v zákone o dani z príjmov. 
610 2 0 |a vzdelávanie 
610 2 0 |a úpravy právne 
610 2 0 |a zdaňovanie 
610 2 0 |a zákony 
610 2 0 |a Slovensko 
610 2 0 |a dane z príjmov 
100 1 |a Jarinkovičová, Valéria